<?xml version="1.0" encoding="UTF-8"?><?xml-stylesheet type="text/xsl" href="static/style.xsl"?><OAI-PMH xmlns="http://www.openarchives.org/OAI/2.0/" xmlns:xsi="http://www.w3.org/2001/XMLSchema-instance" xsi:schemaLocation="http://www.openarchives.org/OAI/2.0/ http://www.openarchives.org/OAI/2.0/OAI-PMH.xsd"><responseDate>2026-06-07T06:24:21Z</responseDate><request verb="GetRecord" identifier="oai:riuma.uma.es:10630/35719" metadataPrefix="marc">https://riuma.uma.es/rest/oai/request</request><GetRecord><record><header><identifier>oai:riuma.uma.es:10630/35719</identifier><datestamp>2026-02-03T11:08:24Z</datestamp><setSpec>com_10630_2254</setSpec><setSpec>col_10630_37953</setSpec></header><metadata><record xmlns="http://www.loc.gov/MARC21/slim" xmlns:dcterms="http://purl.org/dc/terms/" xmlns:doc="http://www.lyncode.com/xoai" xmlns:xsi="http://www.w3.org/2001/XMLSchema-instance" xsi:schemaLocation="http://www.loc.gov/MARC21/slim http://www.loc.gov/standards/marcxml/schema/MARC21slim.xsd">
   <leader>00925njm 22002777a 4500</leader>
   <datafield ind2=" " ind1=" " tag="042">
      <subfield code="a">dc</subfield>
   </datafield>
   <datafield ind2=" " ind1=" " tag="720">
      <subfield code="a">Díaz-Balboa, Estibaliz</subfield>
      <subfield code="e">author</subfield>
   </datafield>
   <datafield ind2=" " ind1=" " tag="720">
      <subfield code="a">Peña-Gil, Carlos</subfield>
      <subfield code="e">author</subfield>
   </datafield>
   <datafield ind2=" " ind1=" " tag="720">
      <subfield code="a">Rodríguez-Romero, Beatriz</subfield>
      <subfield code="e">author</subfield>
   </datafield>
   <datafield ind2=" " ind1=" " tag="720">
      <subfield code="a">Cuesta-Vargas, Antonio</subfield>
      <subfield code="e">author</subfield>
   </datafield>
   <datafield ind2=" " ind1=" " tag="720">
      <subfield code="a">Lado-Baleato, Oscar</subfield>
      <subfield code="e">author</subfield>
   </datafield>
   <datafield ind2=" " ind1=" " tag="720">
      <subfield code="a">Martínez-Monzonís, Amparo</subfield>
      <subfield code="e">author</subfield>
   </datafield>
   <datafield ind2=" " ind1=" " tag="720">
      <subfield code="a">Pedreira-Pérez, Milagros</subfield>
      <subfield code="e">author</subfield>
   </datafield>
   <datafield ind2=" " ind1=" " tag="720">
      <subfield code="a">Palacios-Ozores, Patricia</subfield>
      <subfield code="e">author</subfield>
   </datafield>
   <datafield ind2=" " ind1=" " tag="720">
      <subfield code="a">López-López, Rafael</subfield>
      <subfield code="e">author</subfield>
   </datafield>
   <datafield ind2=" " ind1=" " tag="720">
      <subfield code="a">González-Juanatey, José R.</subfield>
      <subfield code="e">author</subfield>
   </datafield>
   <datafield ind2=" " ind1=" " tag="720">
      <subfield code="a">González-Salvado, Violeta</subfield>
      <subfield code="e">author</subfield>
   </datafield>
   <datafield ind2=" " ind1=" " tag="260">
      <subfield code="c">2024-08</subfield>
   </datafield>
   <datafield ind2=" " ind1=" " tag="520">
      <subfield code="a">Background: Breast cancer (BC) treatment with anthracyclines and/or anti-human epidermal growth factor receptor-2 (HER2) antibodies is associated with an increased risk of cardiovascular disease complications, including cancer therapy-related cardiac dysfunction (CTRCD). While Cardio-Oncology Rehabilitation (CORe) programs including exercise have emerged to minimize these risks, its role in preventing CTRCD is unclear.&#xd;
Objectives: We investigated the effectiveness of an exercise-based CORe program in preventing CTRCD [left ventricular ejection fraction (LVEF) drop ≥10% to a value &lt;53% or a decrease >15% in global longitudinal strain (GLS)]. Secondary outcomes examined changes in cardiac biomarkers, physical performance including peak oxygen consumption, psychometric and lifestyle outcomes. Safety, adherence, and patient satisfaction were also assessed.&#xd;
Methods: This is a randomized controlled trial including 122 early-stage BC women receiving anthracyclines and/or anti-HER2 antibodies, randomized to CORe (n = 60) or usual care with exercise recommendation (n = 62). Comprehensive assessments were performed at baseline and after cardiotoxic treatment completion. The average duration of the intervention was 5.8 months.&#xd;
Results: No cases of CTRCD were identified during the study. LVEF decreased in both groups, but was significantly attenuated in the CORe group [-1.5% (-2.9, -0.1); p = 0.006], with no changes detected in GLS or cardiac biomarkers. The CORe intervention led to significant body mass index (BMI) reduction (p = 0.037), especially in obese patients [3.1 kg/m2 (1.3, 4.8)]. Physical performance and quality-of-life remained stable, while physical activity level increased in both groups. No adverse events were detected.&#xd;
Conclusions: This study suggests that CORe programs are safe and may help attenuate LVEF decline in BC women receiving cardiotoxic therapy and reduce BMI in obese patients.</subfield>
   </datafield>
   <datafield ind1="8" ind2=" " tag="024">
      <subfield code="a">Estíbaliz Díaz-Balboa, Carlos Peña-Gil, Beatriz Rodríguez-Romero, Antonio I. Cuesta-Vargas, Oscar Lado-Baleato, Amparo Martínez-Monzonís, Milagros Pedreira-Pérez, Patricia Palacios-Ozores, Rafael López-López, José R. González-Juanatey, Violeta González-Salvado, Exercise-based cardio-oncology rehabilitation for cardiotoxicity prevention during breast cancer chemotherapy: The ONCORE randomized controlled trial, Progress in Cardiovascular Diseases, Volume 85, 2024, Pages 74-81, ISSN 0033-0620, https://doi.org/10.1016/j.pcad.2024.02.002</subfield>
   </datafield>
   <datafield ind1="8" ind2=" " tag="024">
      <subfield code="a">https://hdl.handle.net/10630/35719</subfield>
   </datafield>
   <datafield ind1="8" ind2=" " tag="024">
      <subfield code="a">10.1016/j.pcad.2024.02.002</subfield>
   </datafield>
   <datafield tag="653" ind2=" " ind1=" ">
      <subfield code="a">Mamas - Cáncer</subfield>
   </datafield>
   <datafield tag="653" ind2=" " ind1=" ">
      <subfield code="a">Ejercicio físico - Uso terapéutico</subfield>
   </datafield>
   <datafield ind2="0" ind1="0" tag="245">
      <subfield code="a">Exercise-based cardio-oncology rehabilitation for cardiotoxicity prevention during breast cancer chemotherapy: The ONCORE randomized controlled trial</subfield>
   </datafield>
</record>
</metadata></record></GetRecord></OAI-PMH>